Xử lý nước cấp sinh hoạt và công nghiệp /

Nước cấp, nguồn nước và chất lượng nước; Tổng quan về xử lý nước cấp; Quá trình lắng và tuyển nổi; Quá trình lọc, keo tụ, khử trùng; Làm mềm nước; Khử sắt và mangan; Trao đổi khí và khử khí; Xử lý ổn định nước.

Shranjeno v:
Bibliografske podrobnosti
Glavni avtor: Nguyễn Thị Thu Thủy.
Format: Knjiga
Jezik:Vietnamese
Izdano: Hà Nội : Khoa học và kỹ thuật, 2000.
Teme:
Oznake: Označite
Brez oznak, prvi označite!
Thư viện lưu trữ: Mạng thư viện Đại học Đà Nẵng
LEADER 01490cam a2200385 a 4500
001 000042581
003 455
005 20070516081659.0
008 010217b2000 vm 000 vie
020 |c 25000 
022 |a T 
040 |a IRC  |c IRC  |d IRC 
041 0 |a vie 
082 1 4 |a 628.16  |b NG-T 
100 1 |a Nguyễn Thị Thu Thủy. 
245 1 0 |a Xử lý nước cấp sinh hoạt và công nghiệp /  |c Nguyễn Thị Thu Thuỷ. 
260 |a Hà Nội :  |b Khoa học và kỹ thuật,  |c 2000. 
300 |a 256 tr. :  |b mh. ;  |c 24 cm. 
520 3 |a Nước cấp, nguồn nước và chất lượng nước; Tổng quan về xử lý nước cấp; Quá trình lắng và tuyển nổi; Quá trình lọc, keo tụ, khử trùng; Làm mềm nước; Khử sắt và mangan; Trao đổi khí và khử khí; Xử lý ổn định nước. 
630 0 4 |a Nước. 
630 0 4 |a Cung cấp nước. 
650 0 4 |a Nước sinh hoạt  |x Xử lý. 
650 0 4 |a Nước  |x Xử lý. 
OWN |a DUT 
AVA |a UDN50  |b DUT  |c Book  |d 628.16 NG-T  |e available  |t Error 5001 Not defined in file expand_doc_bib_avail.  |f 2  |g 0  |h N  |i 0  |j SH  |k 1 
999 |a From the UDN01 
AVA |a UDN50  |b DUT  |c Book  |d 628.16 NG-T  |e available  |t Error 5001 Not defined in file expand_doc_bib_avail.  |f 2  |g 0  |h N  |i 0  |j SH  |k 1 
TYP |a Monograph 
TYP |a Printed language 
980 |a Mạng thư viện Đại học Đà Nẵng